| 000 | 01011nam a2200289 4500 | ||
|---|---|---|---|
| 001 | 01465 | ||
| 003 | DO-SdBPM | ||
| 005 | 20250609124122.0 | ||
| 007 | 01465 | ||
| 008 | 160602b 2000 |||| 00| 0 spa d | ||
| 020 | _a9580457522 | ||
| 040 |
_aDO-SdBPM _bspa _cBPMSU |
||
| 082 | 4 |
_a658.84 _bW562c 2000 _222 |
|
| 100 | 1 |
_a Wheeler, Steven _d1958- |
|
| 245 | 1 | 4 |
_aLos canales de distribución : _b cómo las compañías líderes crean nuevas estrategias para servir a los clientes / _cSteven Wheeler y Evan Hirsh ; traducción Margarita Cárdenas |
| 260 |
_aBarcelona : _bGrupo Editorial Norma, _c2000 |
||
| 300 |
_a214 p. ; _c25 cm. |
||
| 500 | _aA la cabeza de la portada : Si el producto ya no es el rey, ¿quién? | ||
| 590 | _aInventariado, 2025/VM | ||
| 650 | 4 | _aAdministración de ventas | |
| 650 | 4 | _aAnálisis de mercado. | |
| 650 | 4 | _aMercadeo | |
| 700 | 1 |
_aHirsh, Evan _d1956- _e |
|
| 700 | 1 |
_aCárdenas, Margarita _etraductor |
|
| 910 | _aVMateo V. Control de calidad. BPMSU | ||
| 942 |
_2ddc _cBK |
||
| 999 |
_c10260 _d10260 |
||